Bajar al cielo /
Salvato in:
| Autore principale: | |
|---|---|
| Natura: | Sconosciuto |
| Lingua: | Spanish |
| Pubblicazione: |
Barcelona :
GrisArt,
1995.
|
| Serie: | (Colección de Monografías ;
no. 3) |
| Soggetti: | |
| Tags: |
Aggiungi Tag
Nessun Tag, puoi essere il primo ad aggiungerne!!
|
MARC
| LEADER | 000000000a22000000004500 | ||
|---|---|---|---|
| 001 | 009131 | ||
| 041 | 0 | |a spa | |
| 082 | 0 | 4 | |a 778.71 |b T616b |
| 100 | 1 | |a Tischler Fuchs, Jaime David | |
| 245 | 1 | 0 | |a Bajar al cielo / |c Jaime David Tischler Fuchs. |
| 260 | 1 | |a Barcelona : |b GrisArt, |c 1995. | |
| 300 | |a 12 fotos : |b ilustraciones a blanco y negro | ||
| 490 | |a (Colección de Monografías ; |v no. 3) | ||
| 500 | |a 12 reproducciones de fotografías en un folder o carpeta. Fotos tomadas en un centro de recreación, balneario Ojo de Agua en San José, Costa Rica. | ||
| 650 | 4 | |a FOTOGRAFIA ARTISTICA | |
| 999 | |c 14404 |d 14404 | ||
| 942 | |c BK |h 778.71 T616b |2 z | ||
